logo

Bir Sreshtho Munshi Abdur Rouf Library
Jhenaidah Cadet College

বাঙলা একাডেমী পত্রিকা : কার্তিক-পৌষ ১৩৭৪ একাদশ বর্ষ, তৃতীয় সংখ্যা / (Record no. 7120)

MARC details
000 -LEADER
fixed length control field 00804nam a2200217 a 4500
001 - CONTROL NUMBER
JCCL Control Number 7120
003 - CONTROL NUMBER IDENTIFIER
JCCL marc code BD-JhCC
005 - DATE AND TIME OF LATEST TRANSACTION
control field 20180207125647.0
008 - FIXED-LENGTH DATA ELEMENTS--GENERAL INFORMATION
fixed length control field 171231s1374 bg |||| ||a| 000 0 ben d
035 ## - SYSTEM CONTROL NUMBER
system control number (BD-JhCC)7120
040 ## - CATALOGING SOURCE
Original cataloging agency BD-JhCC
Modifying agency BD-JhCC
041 ## - LANGUAGE CODE
Language code of Book ben
082 ## - DEWEY DECIMAL CLASSIFICATION NUMBER
Classification number 071.471
Author mark and Year BAN 1374
245 ## - TITLE STATEMENT
Title বাঙলা একাডেমী পত্রিকা : কার্তিক-পৌষ ১৩৭৪ একাদশ বর্ষ, তৃতীয় সংখ্যা /
Statement of responsibility, etc কাজী দীন মোহাম্মদ (সম্পদিত)
260 ## - PUBLICATION, DISTRIBUTION, ETC. (IMPRINT)
Place of publication, distribution, etc ঢাকা :
Name of publisher, distributor, etc বাঙলা একাডেমী,
Date of publication, distribution, etc 1374.
300 ## - PHYSICAL DESCRIPTION
Pagination 124 p. :
Dimensions 24 cm.
650 ## - SUBJECT ADDED ENTRY--TOPICAL TERM
Topical term or geographic name as entry element Magazine
700 ## - ADDED ENTRY--PERSONAL NAME
Personal name মোহাম্মদ, কাজী দীন
942 ## - ADDED ENTRY ELEMENTS (KOHA)
Source of classification or shelving scheme Dewey Decimal Classification
Koha item type Books
Holdings
Source of classification or shelving scheme Damaged status Not for loan Home library Current library Shelving location Date of accession Cost, normal purchase price Total Checkouts Full call number Barcode Date last seen Copy number Koha item type
Dewey Decimal Classification     JCC Rouf Library JCC Rouf Library General Stacks 02/05/2018 1.50   071.471 BAN 1374 9518 02/05/2018 C-1 Books

JCC Library | Contacts | JCC Home

Last Update on 23 September 2017
Copyright @ 2017-2020 JCC Rouf Library
Rouf Library, Jhenidah Cadet College (JCC), Bangladesh